Quizzes
Events
Quiz Creation
Community
Videos
Private Events
Remove Ads
Sign In
Join for FREE
Feedback
Dark Mode
Quiz Categories
Sports
Geography
Music
Movies
Television
Just For Fun
Miscellaneous
History
Literature
Language
Science
Gaming
Entertainment
Religion
Holiday
For Kids
Quiz Lab
Recent
Popular Today
Quiz Kudos Today
Editor Picks
Curator Picks
Quizzes by...
Day
Popularity
Type
Ratings
Length
Year
Community
Subscriptions
Recent Discussions
Orange Saloon
Badges
Playlists
Quests
Create
Leaderboards
Showdown
Live 5
Trivia Bingo
Activity
Puzzle Library
Sporcle Events
Private Events
Virtual Trivia
Globe League
Become a Host
Pub Owners
SporcleCon
Opinionation
Our Games
Videos
Blog
Mobile Apps
Partnerships
Remove Ads and Go Orange
Feedback
Movies
Disney
Marvel Cinematic Universe
Movie Resume
Movie Titles
Oscar
Actor
Actress
Director
Pixar
Role
Movie Quotes
Movie Characters
Box Office
Nominee
Best Picture
Star Wars
James Bond
Horror Movies
Movies
Disney
Marvel Cinematic Universe
Movie Resume
Movie Titles
Oscar
Actor
Actress
Director
Pixar
Role
Movie Quotes
Movie Characters
Box Office
Nominee
Best Picture
Star Wars
James Bond
Horror Movies
Random Quiz
Search Sporcle
×
Quiz Lab
Quiz Lab
Movies
Best Picture
Type in answers that appear in a list
Type in answers that appear in a list
Classic
Best Score? Go Orange.
Golden Globes Best Picture(Drama)1970-89 Stats
Can you name the Golden Globes Best Picture(Drama)1970-89?
By
Venom1989
8m
20 Questions
31 Plays
31 Plays
31 Plays
Comments
Comments
Give Quiz Kudos
Give Quiz Kudos
-
- Ratings
hide this ad
Replay
Link that replays current quiz
Next Quiz
Link to next quiz in quiz playlist
You Got
0%
They Got
Avg Score
60%
Avg Friend Score
Upgrade to see
Score Distribution
Jump to the score distribution portion of the page
Score
0/20
Timer
08:00
0
Plays Today
Hint
Answer
% Correct
1972
The Godfather
96.8%
1975
One Flew Over the Cuckoo's Nest
90.3%
1980
Ordinary People
83.9%
1971
The French Connection
71%
1976
Rocky
71%
1979
Kramer vs Kramer
71%
1985
Out of Africa
71%
1984
Amadeus
67.7%
1986
Platoon
67.7%
1987
The Last Emperor
67.7%
Hint
Answer
% Correct
1988
Rain Man
67.7%
1983
Terms of Endearment
64.5%
1970
Love Story
51.6%
1974
Chinatown
51.6%
1973
The Exorcist
45.2%
1981
On Golden Pond
45.2%
1989
Born on the Fourth of July
41.9%
1977
The Turning Point
29%
1978
Midnight Express
25.8%
1982
E.T. the Extra Terrestrial
22.6%
Quiz Playlist
Details
Report
Send in Message
Add To Playlist
Classic:
Type in answers that appear in a list
Last Updated: Sep 19, 2017
Quiz Scoreboard
CHALLENGE
Sign Up to Join the Scoreboard
Show All
Scores
Hide
Comments
May contain spoilers
Recently Published
Presidents Visiting Landmarks
by Hejman
History
7m
An Introduction to Baseball
by treessimontrees
Sports
5m
Movies - When Are They Set?
by FPL_Elf
Movies
5m
More to Explore
Quiz From the Vault
Featured Blog Post
Where Did the Easter Bunny Come From?
hide this ad
You Might Also Like...
Tags
Best Picture Quiz
Drama
globe
Golden Globes
Today's Top Quizzes in Movies
Browse Movies
hide this ad
Today's Top Quizzes in Best Picture
Browse Best Picture
Top Contributed Quizzes in Movies
1
Pick 5 Posters: Directed by Spielberg
2
7-to-1: Pixar Characters
3
Pick 5 Posters: Lowest-Rated Spielberg
4
Pick 5 Posters: Directed by Scorsese
5
Pick 5 Posters: Star & Director
6
Sorting Actors
7
Sorting Actresses
8
12 Movies about Fictional 1960s Events
9
Multi-Oscar Nominations, One Movie, One Winner
10
Pick 5 Posters: Women Directed 2020s
Explore More
Trending Topics
Anime
Disney
Crossword
NBA
Kpop
Marvel
Harry Potter
Pokémon
NFL
Song
WWE
Country
Soccer
The Office
Puzzle
hide this ad
More By:
Venom1989
Quiz
Plays
Rating
Category
Featured
Created
15 Songs With Like in the Title
8,422
4.68
Music
Mar 6, 2022
Missing Word: Hall of Fame Catchers
6,392
4.65
Just For Fun
Nov 3, 2020
WWE Wrestlers Who Have Won A Hell in a Cell Match
5,253
4.94
Sports
Dec 19, 2018
Missing Word: Hall of Fame Running Backs
4,367
4.58
Just For Fun
Jan 19, 2022
Missing Word: Hall of Fame Quarterbacks
4,049
4.69
Just For Fun
Jan 19, 2022
Go to Creator's Profile
Score Distribution
Quiz Creator Spotlight
Venom1989
Follow
Send a Message
Quizzes Created
-
Created Quiz Play Count
-
More By This Creator
Popular Quizzes Today
1
Find the US States - No Outlines Minefield
2
Find the Countries of Europe - No Outlines Minefield
3
The Countries of the World
4
Find the US States
5
Popular People in 1961
6
US States
7
Risky Map Clicking: Biggest States A-Z
8
Movies - When Are They Set?
More Movies Quizzes
Dustin Hoffman Movies
Published
Trending Quizzes
Risky Map Clicking: Least Populous States A-Z
1-10 Letter G Words
1-10 Letter F Words
Risky Map Clicking: Next State Alphabetically
Risky Map Clicking: Biggest States A-Z
Recently Updated
Leaping Animals
pecheneg
Reality TV Shows (A-Z)
bhenderson79
Rickey Henderson's Hall of Fame Teammates
pecheneg
Champions League XIs: Arsenal
pecheneg
Quick Pick: Celebrities in WWE's Hall of Fame
aduchscher
A-Z Keypad Blitz II
pecheneg
Multiple Oscar Actors
pecheneg
Mystery Phrase Blitz: Oscar 'Best Actors'
pecheneg
F. Scott Fitzgerald Novels
LTH
Pick 3 Villains
ddd62291
Trending Topics
Kpop
Disney
Marvel
Crossword
Anime
NBA
Harry Potter
Country
The Office
Soccer
Song
NFL
WWE
Puzzle
Pokémon
Your Account Isn't Verified!
In order to create a playlist on Sporcle, you need to verify the email address you used during registration. Go to your
Sporcle Settings
to finish the process.
Report this User
Report this user for behavior that violates our
Community Guidelines
.
Details:
Send Report
Go to the Sporcle.com Mobile Site →
Comments